Freakopedia kedy vykradnúť banku... a ďalších 131 dobre mienených rád

Gespeichert in:
Bibliographische Detailangaben
1. Verfasser: Levitt, Steven D.
Weitere Verfasser: Dubner, Stephen J., Mrva, Tomáš, Kuzmová, Ľuba
Format: Buch
Sprache:Slowakisch
Veröffentlicht: Bratislava Premedia 2015
Schlagworte:
Tags: Tag hinzufügen
Keine Tags, Fügen Sie das erste Tag hinzu!

MARC

LEADER 00000nam a2200000 4500
001 0211782
005 20240314094318.2
020 |a 978-80-8159-317-8 
041 0 |a slo 
044 |a SK 
245 1 0 |a Freakopedia  |b kedy vykradnúť banku... a ďalších 131 dobre mienených rád  |c Steven D. Levitt, Stephen J. Dubner ; preložili: Tomáš Mrva a Ľuba Kuzmová 
264 1 |a Bratislava  |b Premedia  |c 2015 
300 |a 253 s. 
610 2 0 |a spoločnosť 
610 2 0 |a správanie 
610 2 0 |a aktivita spoločenská 
610 2 0 |a vzťahy spoločenské 
610 2 0 |a psychológia ekonomická 
610 2 0 |a psychológia sociálna 
100 1 |a Levitt, Steven D. 
700 1 |a Dubner, Stephen J. 
700 1 |a Mrva, Tomáš 
700 1 |a Kuzmová, Ľuba